00405nam a2200145Ia 450000500170000002000710001708200120008810000410010024500230014126000500016430000090021465000140022394200070023799900150024420250822093655.0 a052168417X (paperback) | 9780521684170 (paperback) | 9780521639231 a574 TAY aTaylor,D.J | Green, Nicholas G.9709 0aBiological Science aUNIVERSITY OF SOUTH CAROLINA,b[S.l.] :c2005 a984p achemistry cBK c4317d4317